[Event "DEM U18w 2009"]
[Site "Willingen GER"]
[Date "2009.06.06"]
[Round "9"]
[White "Kohm, Vanessa"]
[Black "Voss, Janine"]
[Result "1-0"]
[Termination "normal"]
[Board "9"]
[WhiteElo "1779"]
[BlackElo "1838"]
[PlyCount "65"]
[WhiteFideId "4674472"]
[BlackFideId "24677329"]
[EventCountry "GER"]
[EventRounds "9"]
[EventType "swiss"]
[EventDate "2009.05.30"]

1. d4 Nf6 2. Bf4 g6 3. Nf3 d5 4. c4 Bg7 5. Nc3 c6 6. e3 O-O 7. Rc1 Bf5 8. Qb3
Qb6 9. Qxb6 axb6 10. cxd5 cxd5 11. Bb5 Nc6 12. a3 Rac8 13. O-O Na5 14. Nd2 Rfd8
15. Na4 Bd7 16. Bxd7 Rxc1 17. Rxc1 Nxd7 18. Rc7 b5 19. Nc3 e5 20. Bg5 f6 21.
Bh4 exd4 22. exd4 Nc4 23. Nxc4 bxc4 24. Rxb7 g5 25. Bg3 f5 26. h4 f4 27. Bh2
Re8 28. Kf1 Nf6 29. hxg5 Ne4 30. Bxf4 Bxd4 31. Nxd5 Nxf2 32. Nf6+ Bxf6 33. gxf6
1-0

[Event "DEM U18w 2009"]
[Site "Willingen GER"]
[Date "2009.06.06"]
[Round "9"]
[White "Herbold, Nora Marina"]
[Black "Müller, Anna-Louise"]
[Result "1-0"]
[Termination "time forfeit"]
[Board "10"]
[WhiteElo "1608"]
[BlackElo "1581"]
[PlyCount "80"]
[WhiteFideId "4624548"]
[BlackFideId "4633512"]
[EventCountry "GER"]
[EventRounds "9"]
[EventType "swiss"]
[EventDate "2009.05.30"]

1. e4 c5 2. Nf3 d6 3. d4 cxd4 4. Nxd4 Nf6 5. Nc3 g6 6. Be3 Bg7 7. f3 O-O 8. Qd2
Nc6 9. Bc4 Bd7 10. O-O-O Rc8 11. Bb3 Ne5 12. Kb1 Nc4 13. Bxc4 Rxc4 14. g4 b5
15. b3 Rc8 16. Ndxb5 Bxb5 17. Nxb5 Rb8 18. Nc3 Qc7 19. g5 Nd7 20. Nd5 Qd8 21.
f4 e6 22. Nc3 Qa5 23. Bd4 Bxd4 24. Qxd4 Rfc8 25. Ne2 Qc7 26. Rd2 Nc5 27. Rc1
Qa5 28. Rdd1 Qa6 29. Ng3 Na4 30. c4 Nc5 31. Qxd6 Qb7 32. Rc3 Nxe4 33. Nxe4
Qxe4+ 34. Kb2 Qb7 35. Qd7 Qg2+ 36. Rd2 Qe4 37. Qd4 Qb7 38. Rcd3 a5 39. Qf6 Qb4
40. Rd7 Rf8 1-0

[Event "DEM U18w 2009"]
[Site "Willingen GER"]
[Date "2009.06.06"]
[Round "9"]
[White "Sancar, Alina"]
[Black "Knof, Henrike"]
[Result "0-1"]
[Termination "normal"]
[Board "11"]
[WhiteElo "1759"]
[BlackElo "1486"]
[PlyCount "78"]
[WhiteFideId "4624750"]
[EventCountry "GER"]
[EventRounds "9"]
[EventType "swiss"]
[EventDate "2009.05.30"]

1. d4 d5 2. c4 e6 3. Nf3 Nf6 4. Qc2 dxc4 5. Qxc4 Nbd7 6. g3 c6 7. Bg2 Bd6 8.
O-O O-O 9. Nc3 Nb6 10. Qb3 Nbd5 11. Bg5 h6 12. Bxf6 Nxf6 13. e4 Bc7 14. Rad1
Qe7 15. Rfe1 e5 16. dxe5 Ng4 17. e6 Bxe6 18. Qxb7 Nxf2 19. Rd2 Nxe4 20. Rd4
Nxc3 21. bxc3 Rfb8 22. Qxc6 Bb6 23. Kh1 Bxd4 24. Nxd4 Rc8 25. Qa6 Rab8 26. Nxe6
fxe6 27. h4 Rxc3 28. Rxe6 Qc7 29. Qe2 Rb1+ 30. Bf1 Rxf1+ 31. Qxf1 Rc1 32. Re1
Qc6+ 33. Kg1 Rc2 34. Re2 Qb6+ 35. Kh2 Qb5 36. Rf2 Qxf1 37. Rxc2 a6 38. Rg2 g5
39. Kh3 Qh1+ 0-1

[Event "DEM U18w 2009"]
[Site "Willingen GER"]
[Date "2009.06.06"]
[Round "9"]
[White "Zimmer, Ketsarin"]
[Black "Häcker, Katrin"]
[Result "1-0"]
[Termination "normal"]
[Board "12"]
[WhiteElo "1710"]
[BlackElo "1604"]
[PlyCount "37"]
[WhiteFideId "4696182"]
[BlackFideId "24667986"]
[EventCountry "GER"]
[EventRounds "9"]
[EventType "swiss"]
[EventDate "2009.05.30"]

1. e4 e5 2. Nc3 Nf6 3. f4 Bb4 4. fxe5 Bxc3 5. bxc3 Nxe4 6. Qg4 Ng5 7. d4 Ne6 8.
d5 Nc5 9. Nf3 Rg8 10. Bg5 d6 11. e6 f6 12. Qh4 g6 13. Qxh7 Rf8 14. Qxg6+ Ke7
15. Bh6 Qe8 16. Qg7+ Rf7 17. exf7 Qxf7 18. Qxf7+ Kxf7 19. Be2 1-0

[Event "DEM U18w 2009"]
[Site "Willingen GER"]
[Date "2009.06.06"]
[Round "9"]
[White "Stein, Simone"]
[Black "Silz, Elisa"]
[Result "1/2-1/2"]
[Termination "normal"]
[Board "13"]
[WhiteElo "1351"]
[BlackElo "1946"]
[PlyCount "41"]
[WhiteFideId "24692875"]
[BlackFideId "4615352"]
[EventCountry "GER"]
[EventRounds "9"]
[EventType "swiss"]
[EventDate "2009.05.30"]

1. e4 c5 2. Nf3 Nc6 3. d4 cxd4 4. Nxd4 g6 5. c4 Bg7 6. Be3 Nf6 7. Nc3 Qa5 8.
Bd3 d6 9. f3 Nd7 10. Be2 a6 11. a4 Nc5 12. O-O Ne6 13. Nb3 Qd8 14. a5 O-O 15.
Qd2 Nc7 16. Bh6 Be6 17. Bxg7 Kxg7 18. Nd5 Bxd5 19. cxd5 Ne5 20. Rfc1 Rc8 21.
Qd4 1/2-1/2

[Event "DEM U16 2009"]
[Site "Willingen GER"]
[Date "2009.05.31"]
[Round "1"]
[White "Graf, Felix"]
[Black "Kahleys, Kevin"]
[Result "1-0"]
[Termination "normal"]
[Board "1"]
[WhiteElo "2300"]
[BlackElo "2006"]
[PlyCount "45"]
[WhiteFideId "24608904"]
[BlackFideId "24669601"]
[EventCountry "GER"]
[EventRounds "9"]
[EventType "swiss"]
[EventDate "2009.05.30"]

1. d4 e6 2. c4 d5 3. Nf3 c6 4. Nc3 dxc4 5. Bg5 Be7 6. Bxe7 Qxe7 7. e4 b5 8. e5
Nh6 9. a4 Qb4 10. Qc2 Nd7 11. Be2 Nf5 12. g4 Ne7 13. Ng5 Nd5 14. Bf3 N7b6 15.
O-O h6 16. Nge4 Bd7 17. a5 Nc8 18. Nc5 a6 19. Bxd5 cxd5 20. Ra3 Ne7 21. Na2
Qxa3 22. bxa3 Nc6 23. Qd2 1-0

[Event "DEM U16 2009"]
[Site "Willingen GER"]
[Date "2009.05.31"]
[Round "1"]
[White "Marx, Joschka"]
[Black "Zelbel, Patrick"]
[Result "1/2-1/2"]
[Termination "normal"]
[Board "2"]
[WhiteElo "2014"]
[BlackElo "2330"]
[PlyCount "34"]
[WhiteFideId "24645869"]
[BlackFideId "24624322"]
[EventCountry "GER"]
[EventRounds "9"]
[EventType "swiss"]
[EventDate "2009.05.30"]

1. e4 c5 2. Nf3 d6 3. b3 e5 4. Bb5+ Bd7 5. Bxd7+ Qxd7 6. O-O Nc6 7. c3 g6 8.
Bb2 Bg7 9. d4 exd4 10. cxd4 Nge7 11. Na3 O-O 12. Qd2 d5 13. dxc5 Bxb2 14. Qxb2
dxe4 15. Ne5 Qf5 16. Nac4 Nxe5 17. Qxe5 Qxe5 1/2-1/2

[Event "DEM U16 2009"]
[Site "Willingen GER"]
[Date "2009.05.31"]
[Round "1"]
[White "Kotainy, Jens"]
[Black "Dünzel, Jonas"]
[Result "1-0"]
[Termination "normal"]
[Board "3"]
[WhiteElo "2170"]
[BlackElo "1980"]
[PlyCount "43"]
[WhiteFideId "24670499"]
[BlackFideId "24631167"]
[EventCountry "GER"]
[EventRounds "9"]
[EventType "swiss"]
[EventDate "2009.05.30"]

1. e4 c5 2. Nc3 Nc6 3. f4 g6 4. Nf3 Bg7 5. a3 d6 6. Bc4 e6 7. O-O Nge7 8. Qe1
O-O 9. d3 a6 10. f5 exf5 11. Qh4 h5 12. Bg5 Qd7 13. Rae1 Ra7 14. Nd5 Nxd5 15.
Bxd5 fxe4 16. Rxe4 b5 17. Bf6 Rc7 18. g4 Ne5 19. Nxe5 dxe5 20. Bxg7 Kxg7 21.
Qf6+ Kh6 22. Rf5 1-0

[Event "DEM U16 2009"]
[Site "Willingen GER"]
[Date "2009.05.31"]
[Round "1"]
[White "Osmanodja, Filiz"]
[Black "Günnigmann, Manuel"]
[Result "1-0"]
[Termination "normal"]
[Board "4"]
[WhiteTitle "FM"]
[WhiteElo "1963"]
[BlackElo "2133"]
[PlyCount "89"]
[WhiteFideId "24633569"]
[BlackFideId "24640360"]
[EventCountry "GER"]
[EventRounds "9"]
[EventType "swiss"]
[EventDate "2009.05.30"]

1. e4 c5 2. Nf3 Nc6 3. d4 cxd4 4. Nxd4 Nf6 5. Nc3 e5 6. Ndb5 d6 7. Bg5 a6 8.
Na3 b5 9. Nd5 Be7 10. Bxf6 Bxf6 11. c3 Ne7 12. Nxf6+ gxf6 13. Be2 f5 14. exf5
Bxf5 15. O-O Rg8 16. Kh1 d5 17. Nc2 Qb6 18. Ne3 Qg6 19. Rg1 Be6 20. a4 b4 21.
cxb4 d4 22. Nc4 Bd5 23. Bf1 Qe6 24. b3 Rg6 25. Qd3 Rh6 26. Re1 e4 27. Qg3 Nf5
28. Qf4 Kf8 29. f3 Rh4 30. g4 Ne3 31. Nxe3 dxe3 32. Rxe3 Re8 33. Bc4 Bxc4 34.
Rxe4 Qb6 35. Rxe8+ Kxe8 36. Qxc4 Qf2 37. Qc6+ Ke7 38. Qc5+ Qxc5 39. bxc5 a5 40.
Rd1 Rh6 41. Kg2 Rc6 42. Rd5 Ke6 43. Rf5 Rc8 44. c6 Rxc6 45. Rxa5 1-0

[Event "DEM U16 2009"]
[Site "Willingen GER"]
[Date "2009.05.31"]
[Round "1"]
[White "Berchtenbreiter, Maximilian"]
[Black "Wendling, Florian"]
[Result "1-0"]
[Termination "normal"]
[Board "5"]
[WhiteElo "2148"]
[BlackElo "1815"]
[PlyCount "79"]
[WhiteFideId "24641120"]
[BlackFideId "24640212"]
[EventCountry "GER"]
[EventRounds "9"]
[EventType "swiss"]
[EventDate "2009.05.30"]

1. e4 c5 2. Nc3 d6 3. Nge2 Nf6 4. d4 cxd4 5. Nxd4 a6 6. h3 e5 7. Nde2 b5 8. g4
Bb7 9. Bg2 b4 10. Nd5 Nxd5 11. exd5 Be7 12. a3 bxa3 13. Rxa3 Nd7 14. O-O O-O
15. Ng3 g6 16. Bh6 Re8 17. Be3 Rc8 18. Qd2 Bf8 19. Rc1 Rc7 20. g5 Qe7 21. Ne4
Rec8 22. h4 f5 23. gxf6 Nxf6 24. Nxf6+ Qxf6 25. Bg5 Qf7 26. Rf3 Qe8 27. Bh3 Rb8
28. c4 Bc8 29. Bf1 Bf5 30. Ra1 Qc8 31. Rfa3 Ra7 32. b4 Bg7 33. b5 Rb6 34. Be3
Qb8 35. Bxb6 Qxb6 36. Rxa6 Rxa6 37. bxa6 Qa7 38. Qe3 Qa8 39. a7 e4 40. Rb1 1-0

[Event "DEM U16 2009"]
[Site "Willingen GER"]
[Date "2009.05.31"]
[Round "1"]
[White "Petermann, Michail"]
[Black "Steinacker, Alex"]
[Result "1-0"]
[Termination "normal"]
[Board "7"]
[WhiteElo "2062"]
[BlackElo "1835"]
[PlyCount "49"]
[WhiteFideId "24643530"]
[BlackFideId "24647195"]
[EventCountry "GER"]
[EventRounds "9"]
[EventType "swiss"]
[EventDate "2009.05.30"]

1. e4 c5 2. Nf3 Nc6 3. d4 cxd4 4. Nxd4 g6 5. c4 Nf6 6. Nc3 Nxd4 7. Qxd4 d6 8.
f3 Bg7 9. Be3 O-O 10. Qd2 Re8 11. Be2 b6 12. O-O Bb7 13. Rfd1 Rc8 14. Rac1 Bc6
15. Qe1 Qc7 16. Nd5 Qb7 17. b3 Rcd8 18. a4 e6 19. Nb4 a5 20. Nxc6 Qxc6 21. c5
bxc5 22. Bb5 Qb6 23. Bxe8 Nxe8 24. Rd3 Nc7 25. Rxc5 1-0

[Event "DEM U16 2009"]
[Site "Willingen GER"]
[Date "2009.05.31"]
[Round "1"]
[White "Müller, Tobias"]
[Black "Jussupow, Alexander"]
[Result "1-0"]
[Termination "normal"]
[Board "8"]
[WhiteElo "1744"]
[BlackElo "2072"]
[PlyCount "105"]
[WhiteFideId "24643394"]
[BlackFideId "24613509"]
[EventCountry "GER"]
[EventRounds "9"]
[EventType "swiss"]
[EventDate "2009.05.30"]

1. c4 e6 2. g3 d5 3. Bg2 Nf6 4. Nf3 dxc4 5. Qa4+ Nbd7 6. Qxc4 c5 7. O-O b6 8.
Nd4 Ne5 9. Nc6 Nxc4 10. Nxd8 Nd5 11. Nc3 Kxd8 12. Nxd5 Bb7 13. Ne3 Bxg2 14.
Kxg2 Ne5 15. b3 Be7 16. Bb2 Bf6 17. Rad1 Kc7 18. Ba1 Rad8 19. d4 cxd4 20. Bxd4
Nd7 21. Rc1+ Kb7 22. Rfd1 Bxd4 23. Rxd4 Nf6 24. Rdc4 Rd7 25. R4c2 Rhd8 26. Nc4
Rd5 27. a4 Ne4 28. Na3 R8d7 29. Nb5 a6 30. Nc3 Nxc3 31. Rxc3 Rd2 32. Kf3 Rb2
33. e3 a5 34. h3 f6 35. g4 e5 36. Kg3 Rbd2 37. Rc8 R2d3 38. R1c3 e4 39. Kf4
Rxc3 40. Rxc3 Rd3 41. Rc4 Rxb3 42. Kxe4 Rb4 43. Kd3 Ka6 44. f4 b5 45. axb5+
Kxb5 46. Rc7 a4 47. Rxg7 a3 48. Rb7+ Ka4 49. Rxb4+ Kxb4 50. Kc2 Kc4 51. h4 Kd5
52. g5 fxg5 53. hxg5 1-0

[Event "DEM U16 2009"]
[Site "Willingen GER"]
[Date "2009.05.31"]
[Round "1"]
[White "Bräuer, Franz"]
[Black "Butschek, Marc"]
[Result "0-1"]
[Termination "normal"]
[Board "9"]
[WhiteElo "1966"]
[BlackElo "1855"]
[PlyCount "66"]
[WhiteFideId "24634468"]
[BlackFideId "4630904"]
[EventCountry "GER"]
[EventRounds "9"]
[EventType "swiss"]
[EventDate "2009.05.30"]

1. e4 e6 2. d3 d5 3. Nd2 Nf6 4. Ngf3 c5 5. g3 Nc6 6. Bg2 Be7 7. O-O O-O 8. e5
Nd7 9. Re1 f6 10. exf6 Bxf6 11. Bh3 Nde5 12. Nxe5 Bxe5 13. Nf3 Qf6 14. Nxe5
Nxe5 15. f4 Ng6 16. Qe2 e5 17. Bg2 exf4 18. Bxd5+ Kh8 19. Be4 f3 20. Qf2 Bh3
21. Bxg6 Qxg6 22. Be3 b6 23. d4 cxd4 24. Bxd4 Bg2 25. Re7 Rg8 26. Rae1 Rac8 27.
c3 Rc6 28. Qe3 h6 29. Rxa7 Rd6 30. Qf4 Re6 31. Qd2 Rge8 32. Bxg7+ Kg8 33. Qd5
f2+ 0-1

[Event "DEM U16 2009"]
[Site "Willingen GER"]
[Date "2009.05.31"]
[Round "1"]
[White "Meiser, Michael"]
[Black "Aslan, Benjamin"]
[Result "1-0"]
[Termination "normal"]
[Board "10"]
[WhiteElo "1792"]
[BlackElo "1989"]
[PlyCount "119"]
[WhiteFideId "24659762"]
[BlackFideId "24640298"]
[EventCountry "GER"]
[EventRounds "9"]
[EventType "swiss"]
[EventDate "2009.05.30"]

1. e4 e6 2. f4 d5 3. e5 c5 4. c3 Nc6 5. Nf3 Nh6 6. Na3 Be7 7. Nc2 O-O 8. d4 f6
9. Bd3 Qb6 10. Rb1 Nf7 11. exf6 Bxf6 12. dxc5 Qxc5 13. Be3 Qd6 14. O-O Bd7 15.
Nfd4 g6 16. Qd2 a6 17. Rbe1 Rac8 18. a3 Na5 19. Bf2 Nc4 20. Bxc4 Rxc4 21. Bg3
Qb6 22. Rb1 Nd6 23. Bf2 Ne4 24. Qd3 Qd6 25. Ne2 e5 26. fxe5 Bxe5 27. Bg3 Rxf1+
28. Kxf1 Bf5 29. Qd1 Qc5 30. Ncd4 Nxg3+ 31. hxg3 Bxb1 32. Qxb1 Qe7 33. Qd3 Qg5
34. Nf3 Qd8 35. Nxe5 Qb6 36. Nf3 Qe6 37. Nf4 Qf7 38. Nxd5 Rc5 39. Nf4 Rf5 40.
Ne2 g5 41. Ned4 Rf6 42. Kg1 g4 43. Nd2 Qd5 44. Qc4 Qxc4 45. Nxc4 h5 46. Ne3 Kf8
47. Nd5 Rd6 48. Nf4 b5 49. Nxh5 Kf7 50. Kf2 Kg6 51. Nf4+ Kf6 52. Ke3 Ke5 53.
Nd3+ Kd5 54. b3 Rf6 55. Nf2 Rf7 56. Ke2 Re7+ 57. Kd2 Kc5 58. Nxg4 a5 59. b4+
axb4 60. axb4+ 1-0

[Event "DEM U16 2009"]
[Site "Willingen GER"]
[Date "2009.05.31"]
[Round "1"]
[White "Kartsev, Alexandr"]
[Black "Ohnmacht, Simon"]
[Result "1-0"]
[Termination "time forfeit"]
[Board "11"]
[WhiteElo "2074"]
[BlackElo "1876"]
[PlyCount "75"]
[WhiteFideId "24647110"]
[BlackFideId "24672980"]
[EventCountry "GER"]
[EventRounds "9"]
[EventType "swiss"]
[EventDate "2009.05.30"]

1. d4 Nf6 2. Nf3 d5 3. c4 c6 4. e3 e6 5. b3 Nbd7 6. Bb2 Bd6 7. Nbd2 O-O 8. Bd3
Re8 9. Ne5 Qc7 10. f4 Bb4 11. O-O Bxd2 12. Qxd2 Ne4 13. Qe2 f6 14. Qh5 Rf8 15.
Nf3 f5 16. Ba3 Ndf6 17. Qh4 Re8 18. Ng5 Qd8 19. Rf3 h6 20. Rh3 Ng4 21. Nxe4
Qxh4 22. Rxh4 dxe4 23. Bxe4 fxe4 24. Rxg4 e5 25. Rg3 exf4 26. exf4 Bf5 27. Bd6
Rad8 28. Be5 Rd7 29. Re1 g6 30. h3 Kf7 31. Kf2 Red8 32. Rge3 g5 33. fxg5 hxg5
34. g4 Bg6 35. Kg3 Ke6 36. Rf1 Bh7 37. Rf6+ Ke7 38. Rh6 {Zeitüberschreitung}
1-0

[Event "DEM U16 2009"]
[Site "Willingen GER"]
[Date "2009.05.31"]
[Round "1"]
[White "Cremer, Jan Paul"]
[Black "Kugler, Florian"]
[Result "0-1"]
[Termination "normal"]
[Board "12"]
[WhiteElo "1877"]
[BlackElo "2000"]
[PlyCount "64"]
[WhiteFideId "24686115"]
[BlackFideId "4633300"]
[EventCountry "GER"]
[EventRounds "9"]
[EventType "swiss"]
[EventDate "2009.05.30"]

1. e4 c5 2. Nf3 d6 3. d4 cxd4 4. Nxd4 Nf6 5. Nc3 a6 6. Be3 Nc6 7. Be2 e5 8. Nb3
b5 9. a3 Be7 10. O-O Qc7 11. Qd2 Bb7 12. Bg5 Nd8 13. Bxf6 Bxf6 14. Nd5 Bxd5 15.
Qxd5 Rc8 16. Bg4 Rb8 17. Rad1 Rb6 18. Rd3 h5 19. Bh3 Qxc2 20. Rc1 Qxb2 21. Rc7
O-O 22. Bf5 Kh8 23. g3 Ne6 24. Bxe6 fxe6 25. Qxe6 Bg5 26. Rf3 Rbb8 27. Rcf7
Qb1+ 28. Kg2 Qxe4 29. Qh3 h4 30. Nd2 Qd5 31. Rxf8+ Rxf8 32. Qg4 Bxd2 0-1

[Event "DEM U16 2009"]
[Site "Willingen GER"]
[Date "2009.05.31"]
[Round "1"]
[White "März, Julian"]
[Black "Weber, Max"]
[Result "0-1"]
[Termination "normal"]
[Board "13"]
[WhiteElo "1992"]
[BlackElo "1711"]
[PlyCount "78"]
[WhiteFideId "24646172"]
[BlackFideId "4624831"]
[EventCountry "GER"]
[EventRounds "9"]
[EventType "swiss"]
[EventDate "2009.05.30"]

1. e4 e6 2. d4 d5 3. Nc3 Nf6 4. e5 Nfd7 5. f4 c5 6. Nf3 Nc6 7. Be3 cxd4 8. Nxd4
Bc5 9. Nxc6 bxc6 10. Bxc5 Nxc5 11. Qd4 Qb6 12. b4 Na4 13. Qxb6 axb6 14. Kd2 Ke7
15. Bd3 Bd7 16. Ne2 c5 17. c4 Nb2 18. cxd5 exd5 19. Nc3 Bc6 20. Rhb1 Nxd3 21.
Kxd3 d4 22. Ne2 Ra3+ 23. Kd2 Rha8 24. bxc5 bxc5 25. Rb2 c4 26. Rc2 d3 27. Rxc4
Rxa2+ 28. Kxd3 Bb5 29. Rac1 Rc8 30. Ng3 g6 31. Nf1 Rxc4 32. Rxc4 Bxc4+ 33. Kxc4
Rxg2 34. Ne3 Rxh2 35. Kd4 Ke6 36. Nf1 Rf2 37. Ng3 Rxf4+ 38. Ke3 Ra4 39. Nh1
Ra3+ 0-1

[Event "DEM U16 2009"]
[Site "Willingen GER"]
[Date "2009.05.31"]
[Round "1"]
[White "Veit, Björn"]
[Black "Schäfer, Alexander"]
[Result "1/2-1/2"]
[Termination "normal"]
[Board "14"]
[WhiteElo "1609"]
[BlackElo "2007"]
[PlyCount "84"]
[WhiteFideId "24600717"]
[BlackFideId "24615196"]
[EventCountry "GER"]
[EventRounds "9"]
[EventType "swiss"]
[EventDate "2009.05.30"]

1. Nc3 Nf6 2. d4 d5 3. Nf3 g6 4. g3 Bg7 5. Bg2 O-O 6. O-O c5 7. e3 Nc6 8. b3
cxd4 9. Nxd4 e5 10. Nf3 Bg4 11. h3 Bf5 12. Ba3 Re8 13. Re1 Qa5 14. Bb2 Nb4 15.
Re2 Rac8 16. a3 Nxc2 17. b4 Qb6 18. g4 Be4 19. Nxe4 dxe4 20. Rxc2 exf3 21. Bxf3
e4 22. Rxc8 Rxc8 23. Bg2 Rd8 24. Qc2 Qe6 25. g5 Nh5 26. Bxg7 Nxg7 27. Qxe4 Qc8
28. Qxb7 Qc3 29. Rb1 Qxa3 30. Qc7 Ne6 31. Qe7 Qa4 32. h4 Rd1+ 33. Rxd1 Qxd1+
34. Bf1 Qg4+ 35. Bg2 Qd1+ 36. Bf1 Qg4+ 37. Bg2 Qxh4 38. Qxa7 Qxb4 39. Qa8+ Kg7
40. Qa1+ Kg8 41. Qa8+ Nf8 42. Qd5 Ne6 1/2-1/2

[Event "DEM U16 2009"]
[Site "Willingen GER"]
[Date "2009.05.31"]
[Round "2"]
[White "Kugler, Florian"]
[Black "Graf, Felix"]
[Result "1-0"]
[Termination "normal"]
[Board "1"]
[WhiteElo "2000"]
[BlackElo "2300"]
[PlyCount "77"]
[WhiteFideId "4633300"]
[BlackFideId "24608904"]
[EventCountry "GER"]
[EventRounds "9"]
[EventType "swiss"]
[EventDate "2009.05.30"]

1. d4 c5 2. c3 e6 3. g3 Nf6 4. Bg2 d5 5. Nf3 Nbd7 6. O-O Bd6 7. Nbd2 h6 8. c4
O-O 9. b3 b6 10. Bb2 Bb7 11. cxd5 exd5 12. Nh4 Re8 13. Re1 Ne4 14. Bxe4 dxe4
15. Nf5 Bf8 16. dxc5 Nxc5 17. Nc4 Qg5 18. Nce3 Rad8 19. Qc2 Bc8 20. Nh4 a5 21.
Rad1 f5 22. Nhg2 Ne6 23. Nd5 Bc5 24. Ndf4 e3 25. f3 Rd2 26. Qb1 Red8 27. Kh1
Nxf4 28. gxf4 Qe7 29. Bc3 Bb4 30. Be5 Ba6 31. Nxe3 Bxe2 32. Rxe2 Rxe2 33. Nxf5
Qd7 34. Nxh6+ Kf8 35. Rxd7 Rxd7 36. Qf5+ Ke7 37. Qf7+ Kd8 38. Qg8+ Ke7 39. Nf5#
1-0

[Event "DEM U16 2009"]
[Site "Willingen GER"]
[Date "2009.05.31"]
[Round "2"]
[White "Osmanodja, Filiz"]
[Black "Kotainy, Jens"]
[Result "0-1"]
[Termination "normal"]
[Board "2"]
[WhiteTitle "FM"]
[WhiteElo "1963"]
[BlackElo "2170"]
[PlyCount "73"]
[WhiteFideId "24633569"]
[BlackFideId "24670499"]
[EventCountry "GER"]
[EventRounds "9"]
[EventType "swiss"]
[EventDate "2009.05.30"]

1. e4 e6 2. d4 d5 3. Nc3 Nf6 4. e5 Nfd7 5. f4 c5 6. Nf3 Nc6 7. Be3 a6 8. Qd2 b5
9. a3 g5 10. Nxg5 cxd4 11. Bxd4 Nxd4 12. Qxd4 Bc5 13. Qd2 Qb6 14. Nd1 f6 15.
Nf3 Qc7 16. Nf2 fxe5 17. fxe5 Nxe5 18. Nd3 Nxf3+ 19. gxf3 Bd6 20. O-O-O a5 21.
Kb1 b4 22. a4 O-O 23. Bh3 Kh8 24. Qe3 e5 25. Bg2 Bf5 26. f4 Rac8 27. Rc1 e4 28.
Qd4+ Qg7 29. Ne5 Bxe5 30. fxe5 b3 31. Bf1 Rxc2 32. Rxc2 bxc2+ 33. Kxc2 e3+ 34.
Kb3 Be4 35. Bg2 Qxg2 36. e6+ Qg7 37. e7 0-1

[Event "DEM U16 2009"]
[Site "Willingen GER"]
[Date "2009.05.31"]
[Round "2"]
[White "Müller, Tobias"]
[Black "Berchtenbreiter, Maximilian"]
[Result "1/2-1/2"]
[Termination "normal"]
[Board "3"]
[WhiteElo "1744"]
[BlackElo "2148"]
[PlyCount "22"]
[WhiteFideId "24643394"]
[BlackFideId "24641120"]
[EventCountry "GER"]
[EventRounds "9"]
[EventType "swiss"]
[EventDate "2009.05.30"]

1. c4 c5 2. g3 Nf6 3. Bg2 Nc6 4. Nc3 e6 5. e4 Be7 6. Nge2 O-O 7. O-O a6 8. d4
cxd4 9. Nxd4 Qc7 10. Be3 Ne5 11. b3 b5 1/2-1/2

[Event "DEM U16 2009"]
[Site "Willingen GER"]
[Date "2009.05.31"]
[Round "2"]
[White "Grünter, Martin"]
[Black "Meiser, Michael"]
[Result "1-0"]
[Termination "normal"]
[Board "4"]
[WhiteElo "2092"]
[BlackElo "1792"]
[PlyCount "39"]
[WhiteFideId "24640352"]
[BlackFideId "24659762"]
[EventCountry "GER"]
[EventRounds "9"]
[EventType "swiss"]
[EventDate "2009.05.30"]

1. e4 c5 2. c3 Nf6 3. e5 Nd5 4. d4 cxd4 5. Nf3 Nc6 6. Bc4 Nb6 7. Bb3 g6 8. Ng5
d5 9. exd6 e6 10. Ne4 Bg7 11. O-O O-O 12. Re1 e5 13. cxd4 Nxd4 14. Bg5 Qe8 15.
Nf6+ Bxf6 16. Bxf6 Nc6 17. Nc3 Bf5 18. Qd2 Nd7 19. Nd5 Qc8 20. Qh6 1-0

[Event "DEM U16 2009"]
[Site "Willingen GER"]
[Date "2009.05.31"]
[Round "2"]
[White "Butschek, Marc"]
[Black "Petermann, Michail"]
[Result "0-1"]
[Termination "normal"]
[Board "5"]
[WhiteElo "1855"]
[BlackElo "2062"]
[PlyCount "108"]
[WhiteFideId "4630904"]
[BlackFideId "24643530"]
[EventCountry "GER"]
[EventRounds "9"]
[EventType "swiss"]
[EventDate "2009.05.30"]

1. e4 e5 2. Nf3 Nc6 3. Bb5 a6 4. Ba4 Nf6 5. O-O Be7 6. Re1 b5 7. Bb3 O-O 8. c3
d5 9. exd5 Nxd5 10. Nxe5 Nxe5 11. Rxe5 Nf6 12. h3 Bb7 13. d4 Bd6 14. Re1 Qd7
15. Nd2 Rae8 16. Nf1 c5 17. Be3 c4 18. Bc2 Nd5 19. Qd2 f5 20. f3 Nxe3 21. Nxe3
Bg3 22. Re2 Qe7 23. Kf1 g6 24. Rae1 Bxe1 25. Qxe1 Qc7 26. Nd1 Bc6 27. Qd2 Rxe2
28. Qxe2 Re8 29. Qd2 Qh2 30. Nf2 Bd5 31. Qg5 Qd6 32. Bxf5 Bxf3 33. gxf3 Qd5 34.
Ne4 Rf8 35. Bxg6 Qxg5 36. Bxh7+ Kxh7 37. Nxg5+ Kg6 38. h4 Rh8 39. Ne4 Rxh4 40.
Kg2 Kf5 41. Nc5 Rh6 42. Kg3 Rg6+ 43. Kf2 Kf4 44. Ne4 Rh6 45. Kg2 Ke3 46. Nf2
Rg6+ 47. Ng4+ Kd2 48. Kg3 Kc2 49. f4 Kxb2 50. f5 Rg8 51. f6 Kxc3 52. d5 Kd4 53.
d6 c3 54. f7 Rf8 0-1

[Event "DEM U16 2009"]
[Site "Willingen GER"]
[Date "2009.05.31"]
[Round "2"]
[White "Weber, Max"]
[Black "Kartsev, Alexandr"]
[Result "0-1"]
[Termination "normal"]
[Board "6"]
[WhiteElo "1711"]
[BlackElo "2074"]
[PlyCount "136"]
[WhiteFideId "4624831"]
[BlackFideId "24647110"]
[EventCountry "GER"]
[EventRounds "9"]
[EventType "swiss"]
[EventDate "2009.05.30"]

1. e4 d5 2. exd5 Nf6 3. d4 Nxd5 4. Nf3 Bg4 5. c3 e6 6. Be2 Be7 7. O-O O-O 8.
Be3 Nd7 9. Nbd2 c5 10. Ne4 Qc7 11. Bg5 Bxg5 12. Nfxg5 Bf5 13. Ng3 Bg6 14. Bd3
Nf4 15. Bxg6 Nxg6 16. dxc5 Nxc5 17. Qc2 Rad8 18. Rad1 h6 19. N5e4 Nxe4 20. Qxe4
Qb6 21. Qc2 Nf4 22. Ne2 Nd5 23. Nd4 Rd6 24. Rd2 Rfd8 25. Rfd1 Nb4 26. Qb3 Na6
27. Qxb6 Rxb6 28. Nb3 Rxd2 29. Rxd2 Kf8 30. Kf1 Ke7 31. Ke2 Rb5 32. Kf3 Rf5+
33. Ke4 Nc7 34. f4 g5 35. g3 gxf4 36. gxf4 Nd5 37. Rf2 Nf6+ 38. Kd3 Ng4 39. Rg2
Rxf4 40. Na5 Ne5+ 41. Kc2 b6 42. Re2 Ra4 43. Rxe5 Rxa5 44. Re4 Rxa2 45. Rh4 Kf6
46. Rxh6+ Kg7 47. Rh4 f5 48. Rb4 e5 49. Kd3 Kf6 50. h4 Ra1 51. Rc4 e4+ 52. Ke3
Ke5 53. Rc8 f4+ 54. Ke2 Ra2 55. Re8+ Kf5 56. Rf8+ Kg4 57. Rg8+ Kxh4 58. Rh8+
Kg5 59. Rg8+ Kf5 60. Rf8+ Ke5 61. Re8+ Kf5 62. Rf8+ Ke5 63. Re8+ Kd5 64. Rd8+
Kc5 65. Rd4 Rxb2+ 66. Ke1 e3 67. Rxf4 Rc2 68. Rf8 Rxc3 0-1

[Event "DEM U16 2009"]
[Site "Willingen GER"]
[Date "2009.05.31"]
[Round "2"]
[White "Zelbel, Patrick"]
[Black "Veit, Björn"]
[Result "1-0"]
[Termination "normal"]
[Board "7"]
[WhiteElo "2330"]
[BlackElo "1609"]
[PlyCount "21"]
[WhiteFideId "24624322"]
[BlackFideId "24600717"]
[EventCountry "GER"]
[EventRounds "9"]
[EventType "swiss"]
[EventDate "2009.05.30"]

1. d4 f5 2. g3 Nf6 3. Bg2 g6 4. Nf3 Bg7 5. O-O O-O 6. c4 d6 7. Nc3 Nbd7 8. Ng5
Nb6 9. c5 dxc5 10. dxc5 Nc4 11. Qb3 1-0